000 00342nam a22001337a 4500
999 _c12723
_d12723
008 210218b ||||| |||| 00| 0 eng d
082 0 0 _a954.042
_bR172
100 _94855
_a Ram Gopal
245 1 0 _aTrials of Jawaharlal Nehru
_cby Ram Gopal
260 _aBombay:
_bBook Centre
_c1962
300 _axix,133p.
650 0 _aBiography
942 _cBK